| 000 | 00835nam a22001937a 4500 | ||
|---|---|---|---|
| 999 |
_c61961 _d61961 |
||
| 003 | Ge_BSU | ||
| 005 | 20240617115105.0 | ||
| 008 | 240617s1974 ge ||||| |||| 00| 0 geo d | ||
| 041 | _ageo | ||
| 080 | _a613.648(075.8) გ-29 | ||
| 100 |
_aგელაშვილი, კლ. _922255 |
||
| 245 |
_aრადიაციული ჰიგიენის პრაქტიკული საკითხები / _cკლ. გელაშვილი; რედ. ვ. ოკუჯავა. |
||
| 264 |
_aთბ. : _b საბჭ. საქართველო, _c1974. |
||
| 300 |
_a95 გვ. ; _b21 სმ. |
||
| 653 | _aმედიცინა | ||
| 653 | _aრადიაციული ჰიგიენა | ||
| 700 |
_aოკუჯავა, ვ. _eრედაქტორი _922448 |
||
| 942 |
_2udc _cᲬᲘᲒᲜᲘ |
||